| 000 | 00842nam a22002657a 4500 | ||
|---|---|---|---|
| 003 | OSt | ||
| 005 | 20260601171016.0 | ||
| 008 | 260508b1993\\\\au\a||||\||||\00|\0\spa\d | ||
| 020 | _a8488342020 | ||
| 040 |
_aICI _bspa _cICI |
||
| 041 | _aspa | ||
| 050 |
_aPZ8.3.P33 _bPe 1995 |
||
| 100 | 1 |
_aPacovská, Květa. _933945 |
|
| 245 | 1 |
_aEl pequeño rey de las flores / _cKvěta Pacovská. |
|
| 260 |
_aEspaña : _c1995. |
||
| 300 |
_a1 volumen : _bilustraciones a color ; |
||
| 500 | _aLibro ilustrado infantil. | ||
| 650 |
_aLiteratura infantil. _924249 |
||
| 650 |
_aCuentos infantiles. _914926 |
||
| 650 |
_aFlores _xCuentos infantiles. _933946 |
||
| 650 |
_aReyes y soberanos _xCuentos infantiles. _933947 |
||
| 650 |
_aLibros ilustrados para niños. _933948 |
||
| 650 |
_aFantasía en la literatura infantil. _933949 |
||
| 942 |
_2lcc _cB _n1 |
||
| 999 |
_c20690 _d20690 |
||